Amending the Acts of February 1, 1826, and February 20, 1833, to authorize the State of Ohio to use the proceeds from the sale of certain lands for educational purposes.

Bibliographic Details
Corporate Authors: United States. Congress. Senate. Committee on Labor and Public Welfare, ProQuest (Firm)
Format: eBook
Language:English
Published: Washington : [publisher not identified], 1968.
Series:United States congressional serial set.
Subjects:
Online Access:Connect to the full text of this electronic book

MARC

Tag First Indicator Second Indicator Subfields
LEADER 00000cam a22000001a 4500
001 in00003159021
005 20190403200234.0
006 m o d
007 cr un mmmapmmp
008 080628s1968 dcu o f000 0 eng d
035 |a cis2004280035 
040 |a UMI  |c UMI  |d UtOrBLW 
043 |a n-us--- 
099 |a ProQuest Serial Set Number 12792-1 S.rp.1096 
110 1 |a United States.  |b Congress.  |b Senate.  |b Committee on Labor and Public Welfare. 
245 1 0 |a Amending the Acts of February 1, 1826, and February 20, 1833, to authorize the State of Ohio to use the proceeds from the sale of certain lands for educational purposes. 
246 1 |a Amend acts of February 1, 1826 and February 20, 1833 relating to sale of lands 
264 1 |a Washington :  |b [publisher not identified],  |c 1968. 
300 |a 1 online resource. 
336 |a text  |b txt  |2 rdacontent 
337 |a computer  |b c  |2 rdamedia 
338 |a online resource  |b cr  |2 rdacarrier 
490 0 |a S.rp.1096 
500 |a Record is based on bibliographic data in ProQuest U.S. Serial Set Digital Collection (last viewed June 2008). Reuse except for individual research requires license from ProQuest, LLC. 
510 3 |a ProQuest U.S. Serial Set Digital Collection 
500 |a Electronic resource. 
650 0 |a Land tenure. 
655 7 |a Electronic books.  |2 local 
710 2 |a ProQuest (Firm) 
830 0 |a United States congressional serial set. 
856 4 0 |u http://proxy.library.tamu.edu/login?url=http://congressional.proquest.com/congcomp/getdoc?SERIAL-SET-ID=12792-1+S.rp.1096  |z Connect to the full text of this electronic book  |t 0 
999 |a MARS 
999 f f |s 34169148-1101-332a-bf79-e9ff59fe60d8  |i 38536d41-bb36-3072-9672-8ee54285f861  |t 0 
952 f f |a Texas A&M University  |b College Station  |c Electronic Resources  |d Available Online  |t 0  |e ProQuest Serial Set Number 12792-1 S.rp.1096  |h Other scheme 
998 f f |a ProQuest Serial Set Number 12792-1 S.rp.1096  |t 0  |l Available Online